Responses for Show #7674 - Thursday, January 11, 2018

Gilbert Collins game 2.
A poorly-worded Final Jeopardy! clue disadvantages a challenger, resulting in her being brought back later in the year.

Contestants

[<< previous game]

Rebecca Zoshak, a language specialist from State College, Pennsylvania

Julie Zauzmer, a reporter and balloon twister from Washington, D.C.

Gilbert Collins, a university administrator from Princeton, New Jersey (whose 1-day cash winnings total $8,399)

[next game >>]

Jeopardy! Round responses

PLUMBING FOR CLUES
COLLEGE HOOPS
STATE SEALS
POST "AP"OCALYPSE
(Alex: The correct response will come after the word "apocalypse" in the dictionary.)
I'M JUST NOT THAT INTO YOU
GHOSTING
    $200 26
gallons per minute

Gilbert
    $200 1
3-pointers

Gilbert
    $200 6
the Missouri River

Gilbert
    $200 11
an apology

Rebecca
    $200 21
hockey

Gilbert
    $200 16
(Julie: Who is the Ghost of Christmas Past?)

Marley

JulieRebecca
    $400 27
a septic tank

Julie
    $400 2
Michael Jordan

Gilbert
    $400 7
a pelican

Rebecca
    $400 12
an apricot

Julie
    $400 22
a teetotaler

Gilbert
    $400 17
"The Legend of Sleepy Hollow"

Triple Stumper
    $600 28
[The end-of-round signal sounds.]

brass

Triple Stumper
    $600 3
UCLA (Bruins)

Gilbert
    $600 8
a horse's head

Gilbert
    $600 13
appliqué

Julie
    $600 23
(Julie: What's a daisy?)
...
(Alex: Less than a minute now.)

tulips

Julie
Triple Stumper
    $600 18
Lord of the Rings

Gilbert
    $800 4
UConn

Gilbert
    $800 9
(Rebecca: What is rice?)

taro

Rebecca
Triple Stumper
    $800 14
Appaloosa

Rebecca
    $800 24
yoga

Gilbert
    $800 19
The Turn of the Screw

Triple Stumper
    $1000 5
[Applause for Gilbert running the category]

Gonzaga

Gilbert
    $2,000 10
Oklahoma

Gilbert
    $1000 15
the Apostle's Creed

Julie
    $1000 25
The African Queen

Julie
    $1000 20
Hill House

Julie

Scores at the first commercial break (after clue 15):

Gilbert Julie Rebecca
$5,800 $2,000 $600

Scores at the end of the Jeopardy! Round:

Gilbert Julie Rebecca
$8,000 $3,600 $800

Double Jeopardy! Round responses

MYCOLOGY & MYTHOLOGY
EARLY AMERICA
EUROPEA"N" GEOGRAPHY
BARTLETT'S FAMILIAR QUOTATIONS
RHYMING PHRASES
VINYL RESTING PLACE
    $400 6
Persephone

Rebecca
    $400 18
the Louisiana Purchase

Rebecca
    $400 12
the North Sea

Gilbert
    $400 11
Buffett

Gilbert
    $400 1
funny money

Rebecca
    $400 26
(Rebecca: What is Beethoven's Ninth?)

Beethoven's Fifth

GilbertRebecca
    $800 7
(Gilbert: Who are the Mayas?)

the Aztec

GilbertRebecca
    $800 19
the Alien Act

Julie
    $800 13
Norway

Julie
    $800 17
Joan Rivers

Gilbert
    $800 2
a creature feature

Triple Stumper
    $800 27
stereo

Triple Stumper
    $1200 8
a fairy circle (or fairy ring)

Rebecca
    $1200 20
the War of 1812

Julie
    $3,000 14
(Julie: Uh... what is Nantes?)

Nice

Julie
    $2,000 23
Napoleon

Gilbert
    $1200 3
ants in your pants

Rebecca
    $1200 28
(Julie: Who is Eminem?)
...
[The end-of-round signal sounds.]

Jack White

JulieRebecca
    $1600 9
Queen Mab

Triple Stumper
    $1600 21
(Jonathan) Edwards

Gilbert
    $1600 15
Newcastle

Rebecca
    $1600 24
(Alex: Less than a minute now.)

"I wish I knew how to quit you"

Julie
    $1600 4
a white knight

Triple Stumper
    $2000 10
soma

Triple Stumper
    $2000 22
Myles Standish

Triple Stumper
    $2000 16
the Neva

Triple Stumper
    $2000 25
Albert Camus

Triple Stumper
    $2000 5
a row to hoe

Gilbert

Scores at the end of the Double Jeopardy! Round:

Gilbert Julie Rebecca
$14,800 $3,800 $7,600

[wagering suggestions for these scores]

Final Jeopardy! Round responses

THE MOVIES
(Alex: [To Julie] It was produced by Amazon.)
...
(Alex: [In an added segment after the round ended] A word about today's Final Jeopardy!, ladies and gentlemen. We could have been a little more precise with our wording. We should have indicated that [*] was distributed by a streaming service, not produced by one. The contestant who was affected by this has been invited back and will appear with us again later this year.)
JulieWhat is Manchester by the Sea?
$3,798
RebeccaWhat is ?
$7,575
GilbertWhat is the Social Network?
$401
Manchester by the Sea

Final scores:

Gilbert Julie Rebecca
$14,399 $7,598 $25
2-day champion: $22,798 2nd place: $2,000 3rd place: $1,000

Game dynamics:

Coryat scores:

Gilbert Julie Rebecca
$13,000 $6,800 $7,600
20 R
(including 2 DDs),
1 W
10 R,
4 W
(including 1 DD)
12 R,
2 W

Combined Coryat: $27,400

[game clues] [game scores] [suggest correction]

Game tape date: 2017-10-25
The J! Archive is created by fans, for fans. Scraping, republication, monetization, and malicious use prohibited; this site may use cookies and collect identifying information. See terms. The Jeopardy! game show and all elements thereof, including but not limited to copyright and trademark thereto, are the property of Jeopardy Productions, Inc. and are protected under law. This website is not affiliated with, sponsored by, or operated by Jeopardy Productions, Inc. Join the discussion at JBoard.tv.